| 000 | 00756nmc a2200265 a 4500 | ||
|---|---|---|---|
| 003 | AR-BaBNM | ||
| 005 | 20251128210743.0 | ||
| 008 | 031020s2000 ||||||||||||||000 | spa|| | ||
| 020 | _a84-7953-445-1 | ||
| 040 | _cAR-BaBNM | ||
| 100 | 1 | _aJohnson, Spencer | |
| 245 | 1 | 0 |
_aQuién se ha llevado mi queso? _buna manera sorprendente de afrontar el cambio en el trabajo y en la vida privada |
| 250 | _a15ª ed. | ||
| 260 |
_aBarcelona _bEdiciones Urano _c2000 |
||
| 300 | 0 |
_a106 p. _bil. |
|
| 490 | 0 | _aEmpresa XXI | |
| 650 | 4 | _aRESISTENCIA AL CAMBIO | |
| 650 | 4 | _aCAMBIO DE ACTITUD | |
| 650 | 4 | _aADAPTACION SOCIAL | |
| 650 | 4 | _aCOMPETITIVIDAD | |
| 650 | 4 | _aESTRATEGIAS DE DESARROLLO | |
| 653 | 0 | _aGLOBALIZACION | |
| 942 | _cBK | ||
| 998 | _cRAQUEL | ||
| 999 |
_c16752 _d16752 |
||